ՀՀ Գիտությունների ազգային ակադեմիայի հիմնարար գիտական գրադարան  =   Fundamental Scientific Library of NAS RA

Киргизские сказки : (Record no. 271916)

MARC details
000 -LEADER
fixed length control field 00728nam a2200193 a 4500
001 - CONTROL NUMBER
control field 000735484
003 - CONTROL NUMBER IDENTIFIER
control field AM-YeHGA
005 - DATE AND TIME OF LATEST TRANSACTION
control field 20250617143237.0
008 - FIXED-LENGTH DATA ELEMENTS--GENERAL INFORMATION
fixed length control field 100512s1968 ||| r 000 0 rus d
040 ## - CATALOGING SOURCE
Original cataloging agency AM-YeHGA
041 1# - LANGUAGE CODE
Language code of text/sound track or separate title rus
Language code of original kir
090 ## - LOCALLY ASSIGNED LC-TYPE CALL NUMBER (OCLC); LOCAL CALL NUMBER (RLIN)
-- 273555
245 00 - TITLE STATEMENT
Title Киргизские сказки :
Remainder of title Перевод с киргизского /
Statement of responsibility, etc. Худож. Е. Сидоркин; Сост. и пер. Дж. Брудного, К. Эшмамбетова.
260 ## - PUBLICATION, DISTRIBUTION, ETC.
Place of publication, distribution, etc. Москва :
Name of publisher, distributor, etc. Худож. лит.,
Date of publication, distribution, etc. 1968.
300 ## - PHYSICAL DESCRIPTION
Extent 230 с. :
Other physical details ил.
653 0# - INDEX TERM--UNCONTROLLED
Uncontrolled term Киргизская литература
700 1# - ADDED ENTRY--PERSONAL NAME
Personal name Сидоркин, Е.
Relator term ил.
Relationship ill
700 1# - ADDED ENTRY--PERSONAL NAME
Personal name Брудный, Дм.
Relator term сост.
Relationship com
Relator term пер.
Relationship trl
Holdings
Withdrawn status Lost status Damaged status Not for loan Collection Home library Current library Date acquired Total checkouts Full call number Barcode Date last seen Price effective from Koha item type Public note
        General Fundamental Scientific Library Fundamental Scientific Library 29/12/2016   PI/21906 FL0157436 29/12/2016 29/12/2016 Գրքեր / Books 30 Days Loan


ՀՀ ԳԱԱ հիմնարար գիտական գրադարան
ՀՀ,Երևան 0019
Մարշալ Բաղրամյան 24/6
հեռախոս:(374-10) 52-47-50
Հետադարձ կապ

All site content, except where otherwise noted, is licensed under a
Creative Commons License